<?xml version="1.0" encoding="UTF-8"?>
<record
    xmlns:xsi="http://www.w3.org/2001/XMLSchema-instance"
    xsi:schemaLocation="http://www.loc.gov/MARC21/slim http://www.loc.gov/standards/marcxml/schema/MARC21slim.xsd"
    xmlns="http://www.loc.gov/MARC21/slim">

  <leader>01537nam a22003017a 4500</leader>
  <controlfield tag="005">20090725121717.0</controlfield>
  <controlfield tag="008">090608t        xxu||||| |||| 00| 0 hin d</controlfield>
  <datafield tag="010" ind1=" " ind2=" ">
    <subfield code="a">HIN-87516</subfield>
  </datafield>
  <datafield tag="020" ind1=" " ind2=" ">
    <subfield code="a">9788128812187</subfield>
    <subfield code="c">95.00</subfield>
  </datafield>
  <datafield tag="035" ind1=" " ind2=" ">
    <subfield code="a">HN-59862</subfield>
  </datafield>
  <datafield tag="037" ind1=" " ind2=" ">
    <subfield code="b">DBAD / PUB </subfield>
  </datafield>
  <datafield tag="040" ind1=" " ind2=" ">
    <subfield code="a">dpl</subfield>
    <subfield code="b">hn </subfield>
  </datafield>
  <datafield tag="082" ind1=" " ind2=" ">
    <subfield code="a">327.1747</subfield>
  </datafield>
  <datafield tag="100" ind1=" " ind2=" ">
    <subfield code="a">&#x91C;&#x94B;&#x917;&#x940;, &#x938;&#x941;&#x928;&#x940;&#x932; </subfield>
  </datafield>
  <datafield tag="245" ind1=" " ind2=" ">
    <subfield code="a">&#x92A;&#x930;&#x92E;&#x93E;&#x923;&#x941; &#x917;&#x93E;&#x925;&#x93E;  /</subfield>
    <subfield code="c">&#x938;&#x941;&#x928;&#x940;&#x932; &#x91C;&#x94B;&#x917;&#x940; </subfield>
  </datafield>
  <datafield tag="246" ind1=" " ind2=" ">
    <subfield code="a">Parmaanu gaathaa </subfield>
    <subfield code="b">by Sunil Jogi </subfield>
  </datafield>
  <datafield tag="260" ind1=" " ind2=" ">
    <subfield code="a">&#x928;&#x908; &#x926;&#x93F;&#x932;&#x94D;&#x932;&#x940; </subfield>
    <subfield code="b">&#x921;&#x93E;&#x92F;&#x92E;&#x902;&#x921; &#x92A;&#x949;&#x915;&#x947;&#x91F; &#x92C;&#x941;&#x915;&#x94D;&#x938;</subfield>
    <subfield code="c">2009</subfield>
  </datafield>
  <datafield tag="270" ind1=" " ind2=" ">
    <subfield code="a">&#x90F;&#x915;&#x94D;&#x938;-30, &#x913;&#x916;&#x932;&#x93E; &#x907;&#x902;&#x921;&#x938;&#x94D;&#x91F;&#x94D;&#x930;&#x93F;&#x92F;&#x932; &#x90F;&#x930;&#x93F;&#x92F;&#x93E;, &#x92B;&#x947;&#x91C;-2</subfield>
    <subfield code="b">&#x928;&#x908; &#x926;&#x93F;&#x932;&#x94D;&#x932;&#x940; </subfield>
    <subfield code="e">110020</subfield>
    <subfield code="k">011-41611861, 40712100</subfield>
    <subfield code="l">011-41611866</subfield>
    <subfield code="m">sales@dpb.in </subfield>
  </datafield>
  <datafield tag="300" ind1=" " ind2=" ">
    <subfield code="a">160&#x92A;&#x943;.</subfield>
    <subfield code="c">22&#x938;&#x947;&#x92E;&#x940; (&#x905;&#x91C;&#x93F;&#x932;&#x94D;&#x926;) </subfield>
  </datafield>
  <datafield tag="650" ind1=" " ind2=" ">
    <subfield code="a">&#x905;&#x902;&#x924;&#x930;&#x94D;&#x930;&#x93E;&#x937;&#x94D;&#x91F;&#x94D;&#x930;&#x940;&#x92F; &#x938;&#x92E;&#x94D;&#x92C;&#x928;&#x94D;&#x927; </subfield>
    <subfield code="z">&#x92D;&#x93E;&#x930;&#x924; </subfield>
  </datafield>
  <datafield tag="650" ind1=" " ind2=" ">
    <subfield code="a">International relations</subfield>
    <subfield code="z">India</subfield>
  </datafield>
  <datafield tag="650" ind1=" " ind2=" ">
    <subfield code="a">&#x92A;&#x930;&#x92E;&#x93E;&#x923;&#x941;  &#x928;&#x93F;&#x930;&#x938;&#x94D;&#x924;&#x94D;&#x930;&#x940;&#x915;&#x930;&#x923; </subfield>
    <subfield code="z">&#x92D;&#x93E;&#x930;&#x924; </subfield>
  </datafield>
  <datafield tag="650" ind1=" " ind2=" ">
    <subfield code="a">Nuclear disarmament </subfield>
    <subfield code="z">India</subfield>
  </datafield>
  <datafield tag="650" ind1=" " ind2=" ">
    <subfield code="a">&#x92A;&#x930;&#x92E;&#x93E;&#x923;&#x941; &#x939;&#x925;&#x93F;&#x92F;&#x93E;&#x930; &#x928;&#x93F;&#x92F;&#x902;&#x924;&#x94D;&#x930;&#x923; </subfield>
    <subfield code="z">&#x92D;&#x93E;&#x930;&#x924; </subfield>
  </datafield>
  <datafield tag="650" ind1=" " ind2=" ">
    <subfield code="a">Nuclear arms control </subfield>
    <subfield code="z">India</subfield>
  </datafield>
  <datafield tag="942" ind1=" " ind2=" ">
    <subfield code="2">ddc</subfield>
    <subfield code="c">HN</subfield>
    <subfield code="m">&#x91C;&#x94B;&#x917;&#x940;&#x938;&#x941;</subfield>
    <subfield code="h">327.1747</subfield>
  </datafield>
  <datafield tag="999" ind1=" " ind2=" ">
    <subfield code="c">28660</subfield>
    <subfield code="d">28660</subfield>
  </datafield>
  <datafield tag="952" ind1=" " ind2=" ">
    <subfield code="0">0</subfield>
    <subfield code="1">0</subfield>
    <subfield code="2">ddc</subfield>
    <subfield code="4">0</subfield>
    <subfield code="7">1</subfield>
    <subfield code="a">DBAD</subfield>
    <subfield code="b">DBAD</subfield>
    <subfield code="d">2009-07-25</subfield>
    <subfield code="e">DBAD / PUB</subfield>
    <subfield code="g">95.00</subfield>
    <subfield code="l">0</subfield>
    <subfield code="o">327.1747 &#x91C;&#x94B;&#x917;&#x940;&#x938;&#x941;</subfield>
    <subfield code="p">HN-59862</subfield>
    <subfield code="r">2009-07-25 00:00:00</subfield>
    <subfield code="t">1</subfield>
    <subfield code="v">95.00</subfield>
    <subfield code="w">2009-07-25</subfield>
    <subfield code="y">HN</subfield>
  </datafield>
</record>
